01444 2200193 4500001002100000005001500021035002000036008004100056245004500097100001900142250000600161260003200167300001200199084001400211082000800225650001000233520099500243990001201238INLIS00000000000105820240527101433 a0010-0524000293240527 1 ind 1 aKonspirasi Alam Semesta /cFiersa Besari aBesari, Fiersa a1 aJakarta :bMediakita,c2017 a238 hlm a813 FIE k a813 4aFiksi aNovel Konspirasi Alam Semesta menjadi sebuah bacaan yang sangat cocok untuk kalangan remaja yang sedang dalam proses pencarian jati diri. Juang Astrajingga harus selalu siap untuk menghadapi segala cemoohan dan celaan dari orang lain, termasuk tetangganya. Juang seorang pria yang memiliki penampilan fisik yang cukup menarik, uang sedang mencari sebuah buku yang langka. Di saat itu, Juang tidak sengaja menabrak seorang wanita. Buku-buku yang ada di sekitar mereka pun terjatuh, dan secara tidak sengaja lagi, mata mereka saling bertemu ketika Juang hendak mengembalikan buku-buku yang terjatuh itu. Tatapan pertama dengan wanita itu seolah membuat dunia Juang berhenti bergerak. Benar-benar, tidak ada yang akan tahu apa yang direncanakan alam semesta. Novel Konspirasi Alam Semesta ini mengandung banyak pembelajaran yang bisa didapatkan pembaca. Mulai dari arti kesabaran, ketegaran, pantang menyerah, arti cinta, hingga kisah inspiratif yang dapat membangkitkan semangat nasionalisme. a0744036